Countries with the most Romani or Gypsy people - Statistics

General Stats
  • This quiz has been taken 219 times
  • The average score is 10 of 12
Answer Stats
% Roma Total Answer % Correct
~9.7% ~1,850,000 Romania
100%
~11% ~700,000 Bulgaria
93%
~8.3% ~550,000 Serbia
91%
~7.1% ~700,000 Hungary
88%
~10.1% ~550,000 Slovakia
84%
~5.4% ~150,000 Albania
82%
~12.6% ~260,000 North Macedonia
80%
~7.9% ~200,000 Moldova
79%
~2.7% ~50,000 Kosovo
77%
~2.1% ~1,000,000 Spain
77%
~2.8% ~300,000 Czech Republic
74%
~4.1% ~25,000 Montenegro
74%
No matching quizzes found
Score Distribution
Percent of People with Each Score
Percentile by Number Answered
Your Score History
You have not taken this quiz